| 000 | 00686nam a2200193 i 4500 | ||
|---|---|---|---|
| 001 | 104478 | ||
| 003 | ES-MaACL | ||
| 005 | 20230906183620.0 | ||
| 007 | t| | ||
| 008 | 051130s1932 sp |||| | spa d | ||
| 100 | 1 |
_aMillares Cubas, Luis. _981180 |
|
| 245 | 1 | 0 |
_aCómo hablan los canarios / _cLuis y Agustín Millares Cubas ; Refundición del Léxico de Gran Canaria, hecha por Agustín Millares Cubas. |
| 260 |
_aLas Palmas : _bDiario de las Palmas, _c1932. |
||
| 300 |
_aXI, 166 p. ; _c20 cm. |
||
| 650 | 4 |
_aLengua española- _zGran Canaria. _9153356 |
|
| 650 | 4 |
_aLengua española- _zCanarias. _9138147 |
|
| 700 | 1 |
_aMillares Cubas, Agustín. _981179 |
|
| 852 |
_aES-MaACL _jB-7801 |
||
| 999 |
_c104478 _d104478 |
||